Ohýbači reality. 5, Skok do neznáma /
Pokračování sci-fi série o nevyzpytatelné a zákeřné hře, která může lidstvo posunout do vyššího galaktického systému nebo naopak odsoudit k definitivní ztrátě dosavadního postavení ve vesmíru.
Uloženo v:
| Série: | Ohýbači reality,
část 5 |
|---|---|
| Hlavní autor: | |
| Další autoři: | |
| Médium: | E-kniha |
| Jazyk: | Czech |
| Vydáno: |
Ostrava :
Fantom Print,
2025
|
| Vydání: | 1. vydání |
| Témata: | |
| Příbuzné jednotky: | Název anglického překladu::
Jump into the unknown Z cyklu:: Ohýbači reality |
| Tagy: |
Žádné tagy |
| LEADER | 02913nam a2200469 i 4500 | ||
|---|---|---|---|
| 001 | 312880 | ||
| 003 | CZ PrSKC | ||
| 005 | 20260601215730.0 | ||
| 007 | ta | ||
| 008 | 251210s2025 xr g 000 f cze | ||
| 015 | |a cnb003731662 | ||
| 020 | |a 9788075941664 |q (brožováno) | ||
| 035 | |a (OCoLC)1578134775 | ||
| 040 | |a ABG001 |b cze |d ABA001 |e rda | ||
| 041 | 1 | |a cze |k eng |h rus | |
| 072 | 7 | |a 821.161.1 |x Ruská literatura, rusky psaná |2 Konspekt | |
| 080 | |a 821.161.1-31 |2 MRF | ||
| 080 | |a (0:82-311.9) |2 MRF | ||
| 100 | 1 | |a Atamanov, Michail, |d 1975- |7 mzk2018989857 |4 aut | |
| 240 | 1 | 0 | |a Pryžok v neizvestnost‘. |l Česky |
| 245 | 1 | 0 | |a Ohýbači reality. |n 5, |p Skok do neznáma / |c Michael Atamanov ; překlad Martin Kapalka |
| 246 | 3 | 0 | |a Skok do neznáma |
| 250 | |a 1. vydání | ||
| 264 | 1 | |a Ostrava : |b Fantom Print, |c 2025 | |
| 300 | |a 367 stran ; |c 21 cm | ||
| 336 | |a text |b txt |2 rdacontent | ||
| 337 | |a bez média |b n |2 rdamedia | ||
| 338 | |a svazek |b nc |2 rdacarrier | ||
| 504 | |a Přeloženo z anglického překladu ruského originálu | ||
| 520 | 2 | |a Pokračování sci-fi série o nevyzpytatelné a zákeřné hře, která může lidstvo posunout do vyššího galaktického systému nebo naopak odsoudit k definitivní ztrátě dosavadního postavení ve vesmíru. |b Uplynula již více než polovina ze slíbeného tongu garantované bezpečnosti, nicméně my lidé stále nedokážeme najít společnou řeč. Začali jsme stavět první z dvanácti generátorů planetárních štítů, které jsou nutné k zajištění kompletní ochrany Země, ale chybí nám stavební materiál, hráči i čas. Je vhodné žádat o pomoc paralelní kouzelnický svět? Invaze z vesmíru by ho zasáhla stejně tvrdě jako náš, ale kouzelníci mají dost vlastních problémů. Má Gnat vůbec na výběr? Spolehnout se může jen sám na sebe a na svou frakci Relikt. Měl by vsadit všechno na jednu kartu? Mohlo by lidstvo využít technologie prastaré a dávno vyhubené rasy, které objevil, a odvrátit hrozbu zotročení dříve, než bude pozdě? Nakladatelská anotace. | |
| 655 | 7 | |a ruské romány |7 fd133320 |2 czenas | |
| 655 | 7 | |a vědecko-fantastické romány |7 fd133847 |2 czenas | |
| 655 | 9 | |a Russian fiction |2 eczenas | |
| 655 | 9 | |a science fiction novels |2 eczenas | |
| 700 | 1 | |a Kapalka, Martin, |d 1988- |7 kv2017964132 |4 trl | |
| 765 | 0 | 8 | |i Název anglického překladu: |t Jump into the unknown |
| 787 | 0 | 8 | |i Z cyklu: |t Ohýbači reality |g 5 |
| 900 | |a ABA001 |b 21 | ||
| 044 | |a xr | ||
| 910 | |a RBIT002 | ||
| 998 | |d 423967 |a https://core.palmknihy.cz/api/books/423967/cover?t60ock |b https://core.palmknihy.cz/api/books/423967/cover/400?t60ock |c https://core.palmknihy.cz/api/books/423967/cover/50?t60ock |e 2028-08-04 |g 368 |i 9788075941664 |j https://core.palmknihy.cz/api/books/423967/preview.epub |l |q 49 |r 1 |s https://www.palmknihy.cz/kniha/423967 |t ebook |y 2025 |z 0 |v Ohýbači reality |w 5 | ||
| 999 | |d 312878 | ||